000 00409nam a22001697a 4500
003 OSt
008 230523b |||||||| |||| 00| 0 eng d
020 _a8122416152
041 _aeng
082 _a631.587
_bSHA/PL
100 _aSharma, Vinod
_95474
245 _aPlanning irrigation network and OFD works
250 _I1st
260 _aNew delhi
_NNew age publication
_c2007
300 _a137
942 _cBK
999 _c17706
_d17706